[Event "Oberliga Nord W 2122"]
[Site "Germany"]
[Date "2022.05.01"]
[Round "9.5"]
[White "Franke, Reiner"]
[Black "Happe, Reinhold"]
[Result "1-0"]
[WhiteElo "2228"]
[BlackElo "2119"]
[PlyCount "143"]
[EventDate "2021.10.10"]
[EventType "team-tourn"]
[EventRounds "9"]
[EventCountry "GER"]
[SourceTitle "EXT 2023"]
[Source "ChessBase"]
[SourceDate "2022.10.05"]
[SourceVersion "1"]
[SourceVersionDate "2022.10.05"]
[SourceQuality "1"]
[WhiteTeam "Werder Bremen III"]
[BlackTeam "Hellern"]
[WhiteTeamCountry "GER"]
[BlackTeamCountry "GER"]

1. c4 e6 2. g3 Nf6 3. Bg2 d5 4. Nf3 d4 5. e3 c5 6. exd4 cxd4 7. 0-0 Nc6 8. d3 h6 9. Bf4 Bd6 10. Bxd6 Qxd6 11. Na3 0-0 12. Nb5 Qc5 13. a3 Rd8 14. b4 Qe7 15. c5 a5 16. Qb3 e5 17. Nd6 Be6 18. Qb2 axb4 19. axb4 Rxa1 20. Rxa1 Bd5 21. Re1 b6 22. Nxd4 Nxd4 23. Qxd4 bxc5 24. bxc5 Bxg2 25. Rxe5 Qc7 26. Kxg2 Qc6+ 27. Kg1 Ra8 28. Re1 Ra4 29. Qe3 Qd5 30. Rc1 Rd4 31. c6 Rxd3 32. Qxd3 Qxd3 33. c7 Qxd6 34. c8Q+ Kh7 35. Qf5+ g6 36. Qf3 Qe5 37. Rc6 Kg7 38. Qc3 Qxc3 39. Rxc3 h5 40. h4 Ne4 41. Rc7 Nd6 42. Kg2 Nf5 43. Kf3 Nd4+ 44. Ke4 Ne6 45. Ra7 Nc5+ 46. Kd4 Ne6+ 47. Ke5 Nc5 48. Ra3 Nd7+ 49. Kd6 Nf6 50. Rf3 Ne4+ 51. Ke7 f5 52. Ke6 Kh6 53. Ke5 Kg7 54. Rf4 Kf7 55. Rf3 Kg7 56. Kf4 Kf6 57. Ke3 Ke5 58. Ke2 Nc5 59. Re3+ Kf6 60. Rc3 Ne6 61. Rc6 Ke5 62. Ke3 f4+ 63. gxf4+ Nxf4 64. Rc5+ Nd5+ 65. Kf3 Ke6 66. Rc6+ Kf5 67. Rc5 Ke6 68. Ke4 Nf6+ 69. Kf4 Kf7 70. Rc7+ Ke6 71. Rg7 Nd5+ 72. Kg5 1-0

[Event "GER-ch Net blitz qual2"]
[Site "Playchess.com INT"]
[Date "2021.05.04"]
[Round "9"]
[White "Koepke, Christian"]
[Black "Happe, Reinhold"]
[Result "1-0"]
[WhiteElo "2239"]
[BlackElo "1919"]
[PlyCount "37"]
[EventDate "2021.05.04"]
[EventType "swiss (blitz)"]
[EventRounds "11"]
[EventCountry "GER"]
[SourceTitle "CBM 202 Extra"]
[Source "ChessBase"]
[SourceDate "2021.07.31"]
[SourceVersion "1"]
[SourceVersionDate "2021.07.31"]
[SourceQuality "1"]

1. e4 e5 2. Nc3 d5 3. Nxd5 Nf6 4. Nxf6+ Qxf6 5. Nf3 Bg4 6. Be2 Nc6 7. 0-0 0-0-0 8. d3 h6 9. Be3 Bd6 10. c3 g5 11. b4 Rhg8 12. Qa4 a6 13. b5 axb5 14. Qxb5 Bd7 15. Rab1 b6 16. Qa6+ Kb8 17. Bxb6 cxb6 18. Qxb6+ Ka8 19. Qb7# 1-0

[Event "GER-ch Net blitz qual1"]
[Site "Playchess.com INT"]
[Date "2021.04.24"]
[Round "2"]
[White "Gnegel, Boris Igor"]
[Black "Happe, Reinhold"]
[Result "0-1"]
[WhiteElo "1620"]
[BlackElo "1912"]
[PlyCount "68"]
[EventDate "2021.04.24"]
[EventType "swiss (blitz)"]
[EventRounds "11"]
[EventCountry "GER"]
[SourceTitle "CBM 202 Extra"]
[Source "ChessBase"]
[SourceDate "2021.07.31"]
[SourceVersion "1"]
[SourceVersionDate "2021.07.31"]
[SourceQuality "1"]

1. e4 e5 2. f4 exf4 3. Nf3 d5 4. exd5 c6 5. dxc6 Nxc6 6. d4 Bd6 7. Bc4 Nge7 8. 0-0 0-0 9. c3 Bg4 10. Be2 Ng6 11. h3 Bh5 12. Nbd2 Re8 13. Bd3 Re3 14. Qc2 Rc8 15. Nc4 Re8 16. Nxd6 Qxd6 17. Qf2 a6 18. b4 b5 19. a4 Bxf3 20. Qxf3 Nxd4 21. cxd4 Qxd4+ 22. Kh2 Qxa1 23. Bxg6 hxg6 24. Qxf4 Qf6 25. Qxf6 gxf6 26. axb5 axb5 27. Be3 f5 28. Bc5 Re4 29. Rd1 Rce8 30. Rd6 f4 31. Rb6 Re2 32. Kg1 Rc2 33. Bd4 f3 34. gxf3 Re1# 0-1

[Event "GER-chT Online Liga 1 GpB"]
[Site "Playchess.com INT"]
[Date "2021.01.18"]
[Round "1.4"]
[White "Happe, Reinhold"]
[Black "Moeller, Jonas"]
[Result "1-0"]
[WhiteElo "2119"]
[BlackElo "1848"]
[PlyCount "55"]
[EventDate "2021.01.18"]
[EventType "team-tourn (rapid)"]
[EventRounds "7"]
[EventCountry "GER"]
[SourceTitle "CBM 200 Extra"]
[Source "ChessBase"]
[SourceDate "2021.03.31"]
[SourceVersion "1"]
[SourceVersionDate "2021.03.31"]
[SourceQuality "1"]
[WhiteTeam "Hellern"]
[BlackTeam "Hameln"]
[WhiteTeamCountry "GER"]
[BlackTeamCountry "GER"]

1. d4 Nf6 2. c4 e6 3. Nf3 d5 4. Nc3 dxc4 5. e3 a6 6. Bxc4 b5 7. Bb3 Bb7 8. 0-0 Nbd7 9. Qe2 c5 10. Rd1 Qc7 11. d5 Nxd5 12. Bxd5 Bxd5 13. Nxd5 exd5 14. Rxd5 Be7 15. b3 0-0 16. Bb2 Nb6 17. Rd2 Rfd8 18. Rad1 Rxd2 19. Rxd2 Rd8 20. h3 h6 21. Bc3 Nd5 22. Be5 Qc8 23. Qd1 Nb6 24. Bc3 Rxd2 25. Qxd2 b4 26. Bb2 c4 27. bxc4 Qxc4 28. Bd4 1-0

[Event "GER-ch NSV Online 1st"]
[Site "Playchess.com INT"]
[Date "2020.04.26"]
[Round "12"]
[White "Happe, Reinhold"]
[Black "Buchholz, Reiner"]
[Result "1-0"]
[WhiteElo "2106"]
[BlackElo "1909"]
[PlyCount "43"]
[EventDate "2020.04.26"]
[EventType "swiss (blitz)"]
[EventRounds "13"]
[EventCountry "GER"]
[SourceTitle "CBM 196 Extra"]
[Source "ChessBase"]
[SourceDate "2020.07.31"]
[SourceVersion "1"]
[SourceVersionDate "2020.07.31"]
[SourceQuality "1"]

1. d4 g6 2. c4 Bg7 3. g3 f6 4. Bg2 Nh6 5. Nc3 Nf7 6. e4 e5 7. Nge2 0-0 8. 0-0 d6 9. f4 Nc6 10. d5 Ne7 11. Be3 f5 12. Qd2 Bd7 13. Rae1 a6 14. exf5 Nxf5 15. fxe5 Nxe3 16. Qxe3 Nxe5 17. Rxf8+ Qxf8 18. b3 Ng4 19. Qf3 Re8 20. Qxf8+ Bxf8 21. h3 Bg7 22. Ne4 1-0

[Event "Oberliga Nord W 1920"]
[Site "Germany"]
[Date "2019.12.08"]
[Round "4.5"]
[White "Happe, Reinhold"]
[Black "Koch, Yannick"]
[Result "1/2-1/2"]
[WhiteElo "2129"]
[BlackElo "2082"]
[PlyCount "68"]
[EventDate "2019.09.29"]
[EventType "team-tourn"]
[EventRounds "9"]
[EventCountry "GER"]
[SourceTitle "CBM 195 Extra"]
[Source "ChessBase"]
[SourceDate "2020.05.31"]
[SourceVersion "1"]
[SourceVersionDate "2020.05.31"]
[SourceQuality "1"]

1. d4 Nf6 2. c4 e6 3. Nc3 Bb4 4. e3 0-0 5. Nf3 d5 6. Bd3 c5 7. 0-0 Nc6 8. a3 Bxc3 9. bxc3 Qc7 10. cxd5 exd5 11. h3 Qa5 12. Bd2 c4 13. Bc2 Re8 14. Be1 Ne4 15. Qc1 Qd8 16. Qb2 Ng5 17. Nxg5 Qxg5 18. Kh2 Rb8 19. Qb5 Bd7 20. Qb1 h6 21. Ra2 Ne7 22. f4 Qf6 23. e4 dxe4 24. Bxe4 Bf5 25. Bxf5 Nxf5 26. Rb2 Ne3 27. Rf3 Re7 28. Bf2 Nd5 29. Rb5 Qc6 30. Rc5 Qd6 31. Qf5 Nb6 32. Bh4 Re2 33. Rg3 Qe6 34. Qxe6 Rxe6 1/2-1/2

[Event "Oberliga Nord W 1819"]
[Site "Germany"]
[Date "2019.03.24"]
[Round "8.3"]
[White "Happe, Reinhold"]
[Black "Pawelzik, Malte"]
[Result "0-1"]
[WhiteElo "2133"]
[BlackElo "2127"]
[PlyCount "80"]
[EventDate "2018.10.21"]
[EventType "team-tourn"]
[EventRounds "9"]
[EventCountry "GER"]
[SourceTitle "EXT 2020"]
[Source "ChessBase"]
[SourceDate "2019.10.17"]
[SourceVersion "1"]
[SourceVersionDate "2019.10.17"]
[SourceQuality "1"]
[WhiteTeam "Hellern"]
[BlackTeam "Hannover SF"]
[WhiteTeamCountry "GER"]
[BlackTeamCountry "GER"]

1. c4 e5 2. Nc3 Bb4 3. Nd5 Bc5 4. e3 c6 5. Nc3 Nf6 6. Nf3 d6 7. d4 exd4 8. exd4 Bb4 9. Bd3 0-0 10. 0-0 Bg4 11. h3 Bh5 12. Bf4 Nbd7 13. a3 Bxc3 14. bxc3 d5 15. c5 Ne4 16. Qc2 Bxf3 17. gxf3 Ng5 18. Kg2 Qf6 19. Qd2 Ne6 20. Bg3 Rfe8 21. Rfe1 Ndf8 22. Rab1 Re7 23. Be5 Qh4 24. Bg3 Qh5 25. Re5 g5 26. h4 Ng6 27. Bxg6 Qxg6 28. hxg5 Qxb1 29. f4 Rae8 30. Qe2 Nxf4+ 31. Bxf4 Rxe5 32. Bxe5 Qg6 33. Qg4 f5 34. Qh4 h6 35. Qxh6 Qxh6 36. gxh6 Kh7 37. Bf4 Re1 38. Kf3 Ra1 39. Bd2 Ra2 40. Bc1 Kg6 0-1

[Event "Oberliga Nord W 1718"]
[Site "Germany"]
[Date "2018.03.18"]
[Round "8.3"]
[White "Voege, Tobias"]
[Black "Happe, Reinhold"]
[Result "1-0"]
[WhiteElo "2271"]
[BlackElo "2119"]
[PlyCount "87"]
[EventDate "2017.10.08"]
[EventType "team-tourn"]
[EventRounds "9"]
[EventCountry "GER"]
[SourceTitle "EXT 2019"]
[Source "ChessBase"]
[SourceDate "2018.10.10"]
[SourceVersion "1"]
[SourceVersionDate "2018.10.10"]
[SourceQuality "1"]
[WhiteTeam "Liste Turm"]
[BlackTeam "Hellern"]
[WhiteTeamCountry "GER"]
[BlackTeamCountry "GER"]

1. d4 d5 2. c4 c6 3. cxd5 cxd5 4. Nc3 Nf6 5. f3 Bf5 6. Bg5 Nbd7 7. Qb3 Qb6 8. Qxb6 Nxb6 9. e4 dxe4 10. Bb5+ Bd7 11. Bxf6 gxf6 12. Bxd7+ Kxd7 13. fxe4 Rg8 14. g3 Nc4 15. Nge2 Bh6 16. 0-0 Rg4 17. h3 Rgg8 18. b3 Nb6 19. Rad1 Rac8 20. Rd3 a6 21. g4 Rg6 22. e5 Bg5 23. Ng3 Rxc3 24. Rxc3 Nd5 25. Rcf3 Be3+ 26. Kh2 Bxd4 27. Rd1 fxe5 28. Rxf7 Rc6 29. Rd2 Ke6 30. Rxh7 Be3 31. Re2 Bf4 32. Kg2 Rc1 33. Nf5 Bg5 34. Kh2 Bf4+ 35. Kg2 Bg5 36. h4 Nf4+ 37. Kf2 Nxe2 38. hxg5 Nf4 39. Rxe7+ Kd5 40. Rd7+ Ke6 41. Rd6+ Kf7 42. Rf6+ Kg8 43. g6 Rc7 44. Rd6 1-0

[Event "Oberliga Nord W 1718"]
[Site "Germany"]
[Date "2017.12.10"]
[Round "4.5"]
[White "Happe, Reinhold"]
[Black "Thimm, Torsten"]
[Result "1-0"]
[WhiteElo "2119"]
[BlackElo "2076"]
[PlyCount "71"]
[EventDate "2017.10.08"]
[EventType "team-tourn"]
[EventRounds "9"]
[EventCountry "GER"]
[SourceTitle "EXT 2019"]
[Source "ChessBase"]
[SourceDate "2018.10.10"]
[SourceVersion "1"]
[SourceVersionDate "2018.10.10"]
[SourceQuality "1"]
[WhiteTeam "Hellern"]
[BlackTeam "Delmenhorst"]
[WhiteTeamCountry "GER"]
[BlackTeamCountry "GER"]

1. c4 Nf6 2. Nc3 d5 3. cxd5 Nxd5 4. g3 g6 5. Bg2 Nb6 6. Nf3 Bg7 7. 0-0 0-0 8. d3 Nc6 9. Be3 h6 10. Qd2 Kh7 11. h3 e5 12. Rac1 Nd4 13. Bxd4 exd4 14. Ne4 Re8 15. Rfe1 Rb8 16. Qc2 Re7 17. Nc5 Nd5 18. Nb3 Nb4 19. Qc5 Na6 20. Qa3 b6 21. Nbxd4 Bb7 22. Nb5 Bf8 23. Qa4 Nc5 24. Qc2 a6 25. Nc3 Bg7 26. Red1 Qe8 27. e3 Rd8 28. d4 Ne6 29. a3 Kg8 30. b4 h5 31. d5 Nf8 32. Nd4 Bxd4 33. Rxd4 Rxe3 34. Ne4 Rxe4 35. Rxe4 Qd7 36. Ree1 1-0

[Event "Oberliga Nord W 1718"]
[Site "Germany"]
[Date "2017.10.08"]
[Round "1.4"]
[White "Happe, Reinhold"]
[Black "Liebig, Stefan"]
[Result "1/2-1/2"]
[WhiteElo "2119"]
[BlackElo "2098"]
[PlyCount "90"]
[EventDate "2017.10.08"]
[EventType "team-tourn"]
[EventRounds "9"]
[EventCountry "GER"]
[SourceTitle "EXT 2019"]
[Source "ChessBase"]
[SourceDate "2018.10.10"]
[SourceVersion "1"]
[SourceVersionDate "2018.10.10"]
[SourceQuality "1"]
[WhiteTeam "Hellern"]
[BlackTeam "Goettingen Tempo"]
[WhiteTeamCountry "GER"]
[BlackTeamCountry "GER"]

1. c4 Nf6 2. Nc3 c6 3. d4 d5 4. cxd5 cxd5 5. Bf4 e6 6. e3 Bd6 7. Bxd6 Qxd6 8. Bd3 Nc6 9. f4 h5 10. Nf3 Ng4 11. Qd2 a6 12. 0-0 Bd7 13. Rac1 Rc8 14. h3 Nh6 15. Rfe1 f5 16. Qf2 Qe7 17. a3 Nf7 18. h4 Nd6 19. Nb1 0-0 20. Nbd2 Rfd8 21. Ne5 Ne4 22. Bxe4 fxe4 23. Nxc6 Bxc6 24. Rc3 Rc7 25. Rec1 Rdc8 26. Nf1 Bb5 27. Rxc7 Rxc7 28. Rxc7 Qxc7 29. Qd2 g6 30. Nh2 Qc4 31. g4 hxg4 32. Nxg4 Qf1+ 33. Kh2 Be2 34. Ne5 Qf2+ 35. Kh1 Qf1+ 36. Kh2 Qf2+ 37. Kh1 Qxh4+ 38. Kg2 Bf3+ 39. Nxf3 Qg4+ 40. Kf1 exf3 41. Qh2 Qf5 42. Kf2 Qe4 43. Qh4 Qc2+ 44. Kxf3 Qd1+ 45. Kf2 Qd2+ 1/2-1/2

[Event "Oberliga Nord W 1516"]
[Site "Germany"]
[Date "2016.01.17"]
[Round "5.4"]
[White "Happe, Reinhold"]
[Black "Markgraf, Stefan"]
[Result "1/2-1/2"]
[WhiteElo "2110"]
[BlackElo "2130"]
[PlyCount "80"]
[EventDate "2015.09.20"]
[EventType "team-tourn"]
[EventRounds "9"]
[EventCountry "GER"]
[SourceTitle "CBM 170 Extra"]
[Source "ChessBase"]
[SourceDate "2016.02.25"]
[SourceVersion "1"]
[SourceVersionDate "2016.02.25"]
[SourceQuality "1"]
[WhiteTeam "Hellern"]
[BlackTeam "Goettingen Tempo"]
[WhiteTeamCountry "GER"]
[BlackTeamCountry "GER"]

1. c4 Nf6 2. Nc3 e6 3. e4 d5 4. e5 Ng8 5. d4 Ne7 6. Nf3 Nbc6 7. Bg5 h6 8. Bxe7 Bxe7 9. cxd5 exd5 10. Qb3 Bb4 11. Bb5 Bxc3+ 12. bxc3 0-0 13. 0-0 Ne7 14. Bd3 b6 15. Qa3 Bg4 16. Ne1 Qd7 17. f3 Bf5 18. Rd1 Rfe8 19. Rf2 Qe6 20. h3 Qg6 21. g4 Bxd3 22. Nxd3 Qg5 23. Kg2 f5 24. Qc1 Qxc1 25. Rxc1 Ng6 26. Kg3 Rf8 27. h4 fxg4 28. h5 Ne7 29. fxg4 Rxf2 30. Kxf2 Rc8 31. Ke3 c5 32. dxc5 bxc5 33. c4 Kf7 34. cxd5 Nxd5+ 35. Ke4 c4 36. Kxd5 cxd3 37. Rxc8 d2 38. e6+ Ke7 39. Rc7+ Ke8 40. Rc8+ Ke7 1/2-1/2

[Event "GER-ch44 final email"]
[Site "GER email"]
[Date "2013.11.08"]
[Round "?"]
[White "Happe, Reinhold"]
[Black "Kuhne, Detlev"]
[Result "1/2-1/2"]
[WhiteElo "2312"]
[BlackElo "2184"]
[PlyCount "149"]
[EventDate "2013.11.15"]
[EventType "tourn (corr)"]
[EventRounds "14"]
[EventCountry "GER"]
[SourceTitle "Corr 2020"]
[Source "ChessBase"]
[SourceDate "2019.09.30"]
[SourceVersion "1"]
[SourceVersionDate "2019.09.30"]
[SourceQuality "1"]

1. d4 Nf6 2. c4 g6 3. f3 d5 4. cxd5 Nxd5 5. e4 Nb6 6. Nc3 Bg7 7. Be3 0-0 8. Qd2 Nc6 9. 0-0-0 f5 10. h4 fxe4 11. h5 gxh5 12. Rxh5 Bf5 13. Rg5 Bg6 14. Be2 e5 15. d5 Nd4 16. fxe4 c6 17. dxc6 Nxc6 18. Nf3 Qxd2+ 19. Rxd2 Nd4 20. b3 Rfd8 21. Bf1 Bf6 22. Rg3 Kg7 23. Kb2 Ne6 24. a4 Rxd2+ 25. Nxd2 Nd4 26. a5 Nd7 27. Nd5 Nc5 28. b4 Nce6 29. Nc4 Rd8 30. Bf2 a6 31. Nxf6 Kxf6 32. Rd3 Bxe4 33. Bh4+ Ng5 34. Re3 Bf5 35. Nxe5 Rc8 36. Nc4 Be6 37. Na3 h6 38. Be1 Nf5 39. Bc3+ Kf7 40. Re1 Nd6 41. Be2 Kg6 42. Be5 Rc6 43. g3 Bc4 44. Bg4 Bd5 45. Rf1 Ngf7 46. Bd4 h5 47. Bh3 Rc7 48. Rf6+ Kg5 49. Rf4 Be4 50. Be3 Kg6 51. Bc5 Bf5 52. Bg2 Bg4 53. Nc4 Nxc4+ 54. Rxc4 Ne5 55. Rd4 Bf3 56. Bh3 Bg4 57. Rd6+ Kf5 58. Bf1 Rg7 59. Rd8 Bf3 60. Bf2 Bc6 61. Kc3 Nf7 62. Bh3+ Kg6 63. Rf8 Nd6 64. Kb3 Bd5+ 65. Kb2 Rf7 66. Rxf7 Kxf7 67. Ba7 Ne4 68. Bb8 Bc6 69. Bf1 Ke6 70. Be2 Nf6 71. Kc3 Kd5 72. Kd2 Ke4 73. Bd6 Bb5 74. Bd1 Kd5 75. Bc7 1/2-1/2

[Event "GER-ch44 final email"]
[Site "GER email"]
[Date "2013.11.08"]
[Round "?"]
[White "Happe, Reinhold"]
[Black "Marquardt, Guenter"]
[Result "1/2-1/2"]
[WhiteElo "2312"]
[BlackElo "2086"]
[PlyCount "136"]
[EventDate "2013.11.15"]
[EventType "tourn (corr)"]
[EventRounds "14"]
[EventCountry "GER"]
[SourceTitle "Corr 2020"]
[Source "ChessBase"]
[SourceDate "2019.09.30"]
[SourceVersion "1"]
[SourceVersionDate "2019.09.30"]
[SourceQuality "1"]

1. d4 Nf6 2. c4 e6 3. Nc3 Bb4 4. e3 0-0 5. Bd3 d5 6. Nf3 c5 7. 0-0 cxd4 8. exd4 dxc4 9. Bxc4 b6 10. Bg5 Bb7 11. Ne5 Bxc3 12. bxc3 Nbd7 13. Qe2 Qc7 14. Nxd7 Nxd7 15. Rac1 Rfe8 16. Rfe1 Rac8 17. Bd3 Nf8 18. Bh4 Ng6 19. Bg3 Qe7 20. Qe3 Qf6 21. f3 Red8 22. Bf2 Bc6 23. c4 h6 24. a4 Rd7 25. a5 bxa5 26. Bc2 Rcd8 27. Rcd1 a4 28. Qd3 Rb7 29. Rb1 Rb6 30. Red1 Qg5 31. Be3 Qf6 32. Bc1 Rxb1 33. Bxb1 Rb8 34. Bc2 a5 35. Ba3 Rb4 36. Kh1 Qg5 37. Rg1 Rb8 38. Bc1 Qd8 39. Bd2 Rb2 40. Ra1 Rxc2 41. Qxc2 Qxd4 42. Rc1 e5 43. Bxa5 e4 44. Bc3 Qe3 45. Re1 Qc5 46. fxe4 Qxc4 47. Qb2 f6 48. Qb4 Qd3 49. Qd4 Nf4 50. Qe3 Qc2 51. Qxf4 Qxc3 52. Qb8+ Kh7 53. Qb1 Qe5 54. h3 Qe6 55. Qb4 Qa2 56. Qa5 Qc2 57. Qf5+ Kg8 58. Qf3 Kf7 59. Kh2 Qd2 60. Re2 Qd6+ 61. Qg3 Qxg3+ 62. Kxg3 g5 63. Kg4 Kg6 64. h4 Bd7+ 65. Kf3 Be6 66. Re3 gxh4 67. Kf4 h5 68. Rc3 Bb3 1/2-1/2

[Event "GER-ch44 final email"]
[Site "GER email"]
[Date "2013.11.08"]
[Round "?"]
[White "Happe, Reinhold"]
[Black "Moeller, Axel"]
[Result "1/2-1/2"]
[WhiteElo "2312"]
[BlackElo "2289"]
[PlyCount "73"]
[EventDate "2013.11.15"]
[EventType "tourn (corr)"]
[EventRounds "14"]
[EventCountry "GER"]
[SourceTitle "Corr 2020"]
[Source "ChessBase"]
[SourceDate "2019.09.30"]
[SourceVersion "1"]
[SourceVersionDate "2019.09.30"]
[SourceQuality "1"]

1. d4 Nf6 2. c4 c6 3. Nf3 d5 4. Nc3 e6 5. Bg5 h6 6. Bh4 dxc4 7. e4 g5 8. Bg3 b5 9. Be2 Bb7 10. h4 g4 11. Ne5 Nbd7 12. Nxd7 Qxd7 13. Be5 Qe7 14. 0-0 Rg8 15. b3 b4 16. Na4 c3 17. Qc2 Nd7 18. Bg3 h5 19. a3 a5 20. Rfd1 Bg7 21. e5 Bh6 22. Bc4 Rd8 23. axb4 axb4 24. Qh7 Qf8 25. Bd3 Rb8 26. Bc2 Bd2 27. Rxd2 cxd2 28. Nb2 Ra8 29. Rxa8+ Bxa8 30. Nc4 Kd8 31. Qd3 Kc7 32. Qxd2 c5 33. Qf4 cxd4 34. Nd6 Bd5 35. Bd3 Nb8 36. Qxd4 Nc6 37. Qc5 1/2-1/2